Ảnh hưởng của việc bổ sung probiotic vào khẩu phần đến khả năng tiêu hóa thức ăn, tốc độ sinh trưởng và hiệu quả sử dụng thức ăn của gà lương phượng nuôi thịt /

Na minha lista:
Detalhes bibliográficos
Outros Autores: Đào Đức Kiên., Đào Thị Phương., Bùi Thị Thu Huyền., Lê Thị Huyên., Nguyễn Thị Phụng., Ninh Thị Len., Trần Quốc việt.
Formato: Artigo
Idioma:Vietnamese
Assuntos:
Tags: Adicionar Tag
Sem tags, seja o primeiro a adicionar uma tag!
Thư viện lưu trữ: Thư viện Trường Đại học Đà Lạt
LEADER 01278nam a2200337 4500
001 DLU090084191
005 ##20091104
040 # # |a DLU  |b vie 
041 # # |a vie 
044 # # |a vn 
245 # # |a Ảnh hưởng của việc bổ sung probiotic vào khẩu phần đến khả năng tiêu hóa thức ăn, tốc độ sinh trưởng và hiệu quả sử dụng thức ăn của gà lương phượng nuôi thịt /  |c Trần Quốc việt, Bùi Thị Thu Huyền, Ninh Thị Len, Nguyễn Thị Phụng, Đào Thị Phương, Lê Thị Huyên, Đào Đức Kiên. 
653 # # |a Gia cầm 
653 # # |a Hệ tiêu hóa 
653 # # |a Sinh trưởng 
700 # # |a Đào Đức Kiên. 
700 # # |a Đào Thị Phương. 
700 # # |a Bùi Thị Thu Huyền. 
700 # # |a Lê Thị Huyên. 
700 # # |a Nguyễn Thị Phụng. 
700 # # |a Ninh Thị Len. 
700 # # |a Trần Quốc việt. 
773 # # |t Nông nghiệp và phát triển nông thôn  |g Số 7(124), 2008, tr. 52-57 
920 # # |a Phòng Tạp chí -- Trung tâm Thông tin - Thư viện Trường Đại học Đà Lạt 
994 # # |a DLU 
900 # # |a True 
911 # # |a Nguyễn Thị Linh Chi 
925 # # |a G 
926 # # |a A 
927 # # |a BB 
980 # # |a Thư viện Trường Đại học Đà Lạt